[Event "FICS rated standard game"]
[Site "FICS freechess.org"]
[Date "2018.01.09"]
[Round "?"]
[White "Leopoldt"]
[Black "sceadugenga"]
[Result "0-1"]
[WhiteElo "1707"]
[BlackElo "1631"]
[PlyCount "82"]
[EventDate "2018.??.??"]

1. e4 e5 2. Nf3 Nc6 3. c3 a6 4. h3 Bc5 5. Be2 Nf6 6. d3 d5 7. exd5 Qxd5 8. O-O
Bf5 9. Bg5 h6 10. Be3 O-O-O 11. c4 Qd6 12. Bxc5 Qxc5 13. Nc3 e4 14. d4 Qe7 15.
d5 exf3 16. Bxf3 Ne5 17. Re1 Qd6 18. Be2 g5 19. Qb3 Nfd7 20. Rad1 Nc5 21. Qa3
h5 22. b4 Ncd3 23. Bf1 Nxe1 24. Rxe1 h4 25. c5 Qf6 26. Ne4 Qg6 27. f3 Bd7 28.
d6 f5 29. Nc3 cxd6 30. Nd5 Qf7 31. Nb6+ Kb8 32. cxd6 Ka7 33. Qa5 Nc6 34. Qc5
Kb8 35. Bc4 Qf6 36. a3 Qc3 37. Re3 Qd4 38. Nxd7+ Rxd7 39. Qxd4 Nxd4 40. Re7
Rxd6 41. Bxa6 bxa6 {White resigns} 0-1

[Event "FICS rated blitz game"]
[Site "FICS freechess.org"]
[Date "2018.01.09"]
[Round "?"]
[White "climbit"]
[Black "detelina"]
[Result "0-1"]
[WhiteElo "1666"]
[BlackElo "1688"]
[PlyCount "70"]
[EventDate "2018.??.??"]
[EventType "blitz"]

1. e4 e5 2. Nf3 Nc6 3. c3 Bc5 4. d4 exd4 5. cxd4 Bb4+ 6. Bd2 Bxd2+ 7. Qxd2 d5
8. e5 Be6 9. Bb5 Nge7 10. O-O O-O 11. a3 a6 12. Bd3 f5 13. exf6 Rxf6 14. Ne5
Bf5 15. Bxf5 Nxf5 16. Nxc6 Rxc6 17. Nc3 Rf6 18. Rfe1 Qd6 19. Ne2 Raf8 20. Nf4
c6 21. b4 Nxd4 22. Nh5 Rh6 23. Qxd4 Rxh5 24. g3 Rhf5 25. f4 R5f6 26. Re2 Qd7
27. Rae1 Qh3 28. Qf2 Qf5 29. a4 Qd3 30. Re3 Qc4 31. Qb2 g5 32. Rf3 gxf4 33. Re7
d4 34. Re4 fxg3 35. Rxg3+ Kh8 0-1

[Event "FICS rated standard game"]
[Site "FICS freechess.org"]
[Date "2018.01.09"]
[Round "?"]
[White "proximab"]
[Black "Italymoinuddin"]
[Result "1-0"]
[WhiteElo "1835"]
[BlackElo "1182"]
[PlyCount "21"]
[EventDate "2018.??.??"]

1. e4 e5 2. Nf3 Nc6 3. c3 a5 4. Bc4 Qf6 5. O-O Nh6 6. d4 exd4 7. cxd4 Bd6 8. e5
Nxe5 9. dxe5 Bxe5 10. Nxe5 Qxe5 11. Re1 1-0

[Event "FICS rated blitz game"]
[Site "FICS freechess.org"]
[Date "2018.01.09"]
[Round "?"]
[White "jezebelben"]
[Black "Josemarine"]
[Result "1-0"]
[WhiteElo "1432"]
[BlackElo "1386"]
[PlyCount "35"]
[EventDate "2018.??.??"]
[EventType "blitz"]

1. e4 e5 2. Nf3 Nc6 3. c3 Nf6 4. d4 exd4 5. cxd4 Nxe4 6. d5 Nb8 7. Be2 d6 8.
Qa4+ Bd7 9. Qxe4+ Be7 10. O-O O-O 11. Nc3 c6 12. Qc2 cxd5 13. Nxd5 Bf6 14.
Nxf6+ Qxf6 15. Bg5 Qe6 16. Rae1 f6 17. Bc4 d5 18. Rxe6 {Black resigns} 1-0

[Event "FICS rated standard game"]
[Site "FICS freechess.org"]
[Date "2018.01.09"]
[Round "?"]
[White "FyFazan"]
[Black "SlicedBread"]
[Result "0-1"]
[WhiteElo "1606"]
[BlackElo "1621"]
[PlyCount "44"]
[EventDate "2018.??.??"]

1. e4 e5 2. Nf3 Nc6 3. c3 Be7 4. Bc4 Nf6 5. d4 Nxe4 6. dxe5 d6 7. Qd5 Nxe5 8.
Qxe4 Nxc4 9. Qxc4 O-O 10. O-O Be6 11. Qe2 b5 12. Nd4 Bc4 13. Qg4 Bxf1 14. Kxf1
Bf6 15. Nd2 a6 16. Ne4 Bxd4 17. cxd4 f5 18. Qf3 fxe4 19. Qxe4 Qf6 20. Be3 Rae8
21. Qd5+ Kh8 22. g3 Rxe3 {White resigns} 0-1

[Event "FICS rated blitz game"]
[Site "FICS freechess.org"]
[Date "2018.01.09"]
[Round "?"]
[White "Feestt"]
[Black "QueenBelle"]
[Result "1-0"]
[WhiteElo "1154"]
[BlackElo "1068"]
[PlyCount "151"]
[EventDate "2018.??.??"]
[EventType "blitz"]

1. e4 e5 2. Nf3 Nc6 3. c3 Nf6 4. Qe2 a6 5. d4 d5 6. exd5 Nxd5 7. Nxe5 Bd7 8.
Nxc6+ Be6 9. Nxd8 Rxd8 10. g3 Be7 11. Bg2 O-O 12. O-O Rfe8 13. Nd2 Rd7 14. Nf3
c6 15. Ne5 Rdd8 16. Bxd5 Bxd5 17. c4 Be6 18. Bd2 Rxd4 19. Bc3 Rdd8 20. Rad1 Rd6
21. Rxd6 Bxd6 22. Ng4 Bb8 23. b3 Bc7 24. h4 Bd6 25. h5 h6 26. Rd1 Bf8 27. Re1
c5 28. Nh2 Rd8 29. Qe5 b5 30. cxb5 axb5 31. Qc7 Rd3 32. Be5 c4 33. bxc4 bxc4
34. a4 Rd7 35. Qc6 Rd5 36. Nf3 Ra5 37. Nd4 Rc5 38. Qb6 Bg4 39. Bd6 Bxd6 40.
Qxd6 Rc8 41. Nb5 Bxh5 42. Qd7 Rc5 43. Nc3 Kh7 44. g4 Bg6 45. Ne4 Re5 46. Qd4
Ra5 47. Qxc4 Ra8 48. Nd6 Ra5 49. Nxf7 Ra7 50. Ne5 Re7 51. a5 Be8 52. a6 Ra7 53.
Qe4+ Kg8 54. Qc4+ Kh8 55. Nc6 Ra8 56. Ne7 Bd7 57. Rd1 Ba4 58. Qxa4 Rf8 59. Qa5
Kh7 60. Qa2 Kh8 61. Ng6+ Kh7 62. Nxf8+ Kh8 63. Rd8 h5 64. Ng6+ Kh7 65. gxh5 Kh6
66. Rh8+ Kg5 67. Qd2+ Kf5 68. Nh4+ Kf6 69. Qd4+ Ke7 70. Rh7 Ke6 71. Qxg7 Kd5
72. Qg5+ Kc4 73. Rc7+ Kb3 74. Rc1 Kb4 75. Qc5+ Kb3 76. Rb1+ 1-0

[Event "FICS rated blitz game"]
[Site "FICS freechess.org"]
[Date "2018.01.09"]
[Round "?"]
[White "awitaliy"]
[Black "wuketidai"]
[Result "0-1"]
[WhiteElo "1377"]
[BlackElo "1299"]
[PlyCount "100"]
[EventDate "2018.??.??"]
[EventType "blitz"]

1. e4 e5 2. Nf3 Nc6 3. c3 Nf6 4. Bd3 Bc5 5. Bc2 d5 6. exd5 Qxd5 7. O-O Bg4 8.
b4 Bb6 9. Bb3 Bxf3 10. Bxd5 Bxd1 11. Bxc6+ bxc6 12. Rxd1 c5 13. bxc5 Bxc5 14.
d4 exd4 15. cxd4 Bb6 16. Re1+ Kd7 17. Nc3 Rad8 18. Be3 Ng4 19. Nd5 Nxe3 20.
fxe3 Ke6 21. Nf4+ Kf6 22. Rf1 Rhe8 23. Rae1 Ba5 24. Re2 Kg5 25. Nh3+ Kg6 26. e4
Bb6 27. Nf4+ Kg5 28. Nh3+ Kg6 29. Kh1 Bxd4 30. a4 f6 31. Nf4+ Kf7 32. Rc1 Be5
33. Nd5 Rd7 34. g3 Rc8 35. a5 Rd6 36. Rec2 c6 37. a6 c5 38. Rxc5 Rxc5 39. Rxc5
Rxa6 40. Rc7+ Bxc7 41. Nxc7 Rc6 42. Nb5 a6 43. Nd4 Rb6 44. Kg2 a5 45. Kh3 a4
46. Nc2 Rb2 47. Na3 Rb3 48. Nc4 Ke6 49. Kg4 Rb4 50. Nd2 a3 {White resigns} 0-1

[Event "FICS rated lightning game"]
[Site "FICS freechess.org"]
[Date "2018.01.09"]
[Round "?"]
[White "Sasha"]
[Black "svadali"]
[Result "1-0"]
[WhiteElo "1568"]
[BlackElo "1483"]
[PlyCount "53"]
[EventDate "2018.??.??"]

1. e4 e5 2. Nf3 Nc6 3. c3 Bc5 4. d4 exd4 5. cxd4 Bb4+ 6. Nc3 d5 7. Bd3 dxe4 8.
Bxe4 Nf6 9. Bc2 O-O 10. O-O Bg4 11. h3 Bxf3 12. Qxf3 Nxd4 13. Qg3 Bxc3 14. bxc3
Ne2+ 15. Kh2 Nxg3 16. fxg3 Nd5 17. Bb2 Ne3 18. Rfc1 Qd5 19. Rg1 Nxc2 20. Rac1
Ne3 21. Rce1 Nc2 22. Rd1 Qc6 23. Rd2 Ne3 24. Rd3 Nc4 25. Bc1 Rad8 26. Rf3 Rfe8
27. Bf4 1-0

[Event "FICS rated blitz game"]
[Site "FICS freechess.org"]
[Date "2018.01.09"]
[Round "?"]
[White "awitaliy"]
[Black "MartinVoskanyan"]
[Result "1-0"]
[WhiteElo "1366"]
[BlackElo "1373"]
[PlyCount "89"]
[EventDate "2018.??.??"]
[EventType "blitz"]

1. e4 e5 2. Nf3 Nc6 3. c3 Bc5 4. Bd3 d6 5. h3 h6 6. O-O Qf6 7. Bc2 g5 8. d4
exd4 9. cxd4 Nxd4 10. Nxd4 Bxd4 11. Bb3 Be6 12. Kh1 Bxb3 13. Qxb3 Bb6 14. f4
O-O-O 15. Nc3 Ne7 16. a4 a6 17. a5 Ba7 18. Bd2 Nc6 19. fxg5 Qe5 20. Bf4 Qg7 21.
gxh6 Rxh6 22. Bxh6 Qxh6 23. Nd5 Ne5 24. Rac1 c6 25. Ne7+ Kc7 26. Nf5 Qg5 27.
Qa2 f6 28. b4 Nd3 29. Rc2 Nxb4 30. Qb3 Nxc2 31. Qxc2 Rh8 32. Qc4 Rh7 33. Rd1
Bc5 34. Qe6 Rd7 35. Kh2 Qh5 36. Rd3 Qe2 37. Rg3 Qf2 38. Rg7 Qg1+ 39. Kg3 Qf2+
40. Kh2 Qg1+ 41. Kg3 Rxg7+ 42. Nxg7 Bd4 43. Ne8+ Kb8 44. Qxd6+ Ka8 45. Nc7+ 1-0

[Event "FICS rated blitz game"]
[Site "FICS freechess.org"]
[Date "2018.01.09"]
[Round "?"]
[White "dominospizza"]
[Black "cgalucci"]
[Result "1-0"]
[WhiteElo "1572"]
[BlackElo "1470"]
[PlyCount "81"]
[EventDate "2018.??.??"]
[EventType "blitz"]

1. e4 e5 2. Nf3 Nc6 3. c3 Nf6 4. d3 Be7 5. h3 d6 6. Qb3 O-O 7. Be3 Na5 8. Qc2
b6 9. Nbd2 Bb7 10. b3 Nc6 11. Be2 a5 12. a4 Qd7 13. O-O Kh8 14. Nc4 h6 15. Rfb1
Nh7 16. Kf1 Qd8 17. Ke1 Bg5 18. Nxg5 Nxg5 19. Kd1 Ne6 20. Kc1 Nf4 21. Bf1 d5
22. exd5 Nxd5 23. Bd2 Ba6 24. Nb2 Nf4 25. g3 Ng6 26. Nd1 Nce7 27. Nb2 Nd5 28.
Nc4 Bxc4 29. dxc4 Nde7 30. Kb2 Nc6 31. Be3 Qe7 32. Bg2 Qe6 33. Rd1 Rad8 34. Re1
Nce7 35. f4 exf4 36. Bxf4 Qc8 37. Bf3 Nxf4 38. Rxe7 Ne6 39. Bg4 Rfe8 40. Rxf7
Qb7 41. Raf1 1-0

[Event "FICS rated blitz game"]
[Site "FICS freechess.org"]
[Date "2018.01.09"]
[Round "?"]
[White "franguly"]
[Black "mokaga"]
[Result "1-0"]
[WhiteElo "1350"]
[BlackElo "1317"]
[PlyCount "21"]
[EventDate "2018.??.??"]
[EventType "blitz"]

1. e4 e5 2. Nf3 Nc6 3. c3 d6 4. d4 Bg4 5. d5 Na5 6. Qa4+ Qd7 7. Qxa5 Bxf3 8.
gxf3 Nf6 9. Bb5 c6 10. dxc6 Qc8 11. cxb7+ {Black resigns} 1-0

[Event "FICS rated blitz game"]
[Site "FICS freechess.org"]
[Date "2018.01.09"]
[Round "?"]
[White "jezebelben"]
[Black "flyingfeats"]
[Result "1-0"]
[WhiteElo "1443"]
[BlackElo "1332"]
[PlyCount "37"]
[EventDate "2018.??.??"]
[EventType "blitz"]

1. e4 e5 2. Nf3 Nc6 3. c3 Bc5 4. d4 exd4 5. cxd4 Bb6 6. d5 Nce7 7. Be2 d6 8.
O-O Bg4 9. h3 Bxf3 10. Bxf3 Nf6 11. Be2 Nxe4 12. Qa4+ Qd7 13. Qxe4 O-O 14. Nc3
Qf5 15. Qxe7 Rfe8 16. Qh4 Rxe2 17. Nxe2 Re8 18. Nf4 Re4 19. Qd8+ {Black resigns
} 1-0

[Event "FICS rated blitz game"]
[Site "FICS freechess.org"]
[Date "2018.01.09"]
[Round "?"]
[White "jezebelben"]
[Black "Josemarine"]
[Result "0-1"]
[WhiteElo "1430"]
[BlackElo "1388"]
[PlyCount "48"]
[EventDate "2018.??.??"]
[EventType "blitz"]

1. e4 e5 2. Nf3 Nc6 3. c3 Nf6 4. d4 exd4 5. cxd4 d6 6. d5 Ne5 7. Be2 Be7 8. O-O
O-O 9. Nc3 c6 10. h3 cxd5 11. exd5 Bf5 12. Nh2 Ne4 13. f4 Nxc3 14. bxc3 Ng6 15.
c4 Bf6 16. Bd2 Bxa1 17. Qxa1 Re8 18. Bg4 Bd3 19. Rc1 Qb6+ 20. Kh1 Qf2 21. Qc3
Nh4 22. Bf3 Nxf3 23. Nxf3 Bg6 24. Rf1 Qxf1+ {White resigns} 0-1

[Event "FICS rated blitz game"]
[Site "FICS freechess.org"]
[Date "2018.01.09"]
[Round "?"]
[White "jezebelben"]
[Black "Boudou"]
[Result "0-1"]
[WhiteElo "1396"]
[BlackElo "1242"]
[PlyCount "124"]
[EventDate "2018.??.??"]
[EventType "blitz"]

1. e4 e5 2. Nf3 Nc6 3. c3 d6 4. d4 exd4 5. cxd4 Bg4 6. Be2 Nge7 7. d5 Nb8 8.
O-O Ng6 9. h3 Bd7 10. Nh2 Be7 11. f4 Qc8 12. f5 Ne5 13. Ng4 Nxg4 14. Bxg4 f6
15. Nc3 O-O 16. Qf3 Kh8 17. Be3 Be8 18. Bd4 Bf7 19. Rae1 Nd7 20. h4 c6 21. h5
c5 22. Be3 h6 23. Bh3 Kh7 24. Qg4 Ne5 25. Qd1 b5 26. Ne2 c4 27. Nf4 a5 28. Ng6
Bd8 29. Nxf8+ Kg8 30. Ng6 Kh7 31. Nxe5 dxe5 32. d6 Qd7 33. Bc5 b4 34. g4 Rb8
35. Qd2 Bg8 36. Rf2 Bb6 37. Bxb6 Rxb6 38. Qe2 Qxd6 39. Rd1 Qf8 40. Qe3 Rc6 41.
Rfd2 Rc8 42. Rd7 Ra8 43. g5 hxg5 44. Rc7 Rc8 45. Ra7 c3 46. bxc3 Rxc3 47. Qb6
Rxh3 48. Rdd7 Rg3+ 49. Kf2 Rc3 50. Rxg7+ Kh6 51. Rg6+ Kxh5 52. Rag7 Rc2+ 53.
Ke1 Rxa2 54. Rxg8 Qe7 55. Rh8+ Kg4 56. Qg1+ Kf4 57. Rh3 Ra1+ 58. Kf2 Rxg1 59.
Kxg1 Qc5+ 60. Kg2 Qc2+ 61. Kg1 b3 62. Rxf6 b2 {White resigns} 0-1

[Event "FICS rated blitz game"]
[Site "FICS freechess.org"]
[Date "2018.01.09"]
[Round "?"]
[White "stekene"]
[Black "bermarioit"]
[Result "0-1"]
[WhiteElo "1282"]
[BlackElo "1300"]
[PlyCount "100"]
[EventDate "2018.??.??"]
[EventType "blitz"]

1. e4 Nc6 2. Nf3 e5 3. c3 Nf6 4. Bd3 Bc5 5. O-O O-O 6. Bc2 Re8 7. b3 a5 8. Bb2
b6 9. d3 Ng4 10. h3 Nf6 11. Qe2 d6 12. Nbd2 b5 13. a3 Nh5 14. Qd1 Nf4 15. b4
Bb6 16. bxa5 Bxa5 17. Nb3 Bb6 18. d4 exd4 19. cxd4 f5 20. exf5 Ne2+ 21. Kh1 Nf4
22. d5 Ne5 23. Nxe5 dxe5 24. Qf3 Bb7 25. Rad1 Bxd5 26. Rxd5 Nxd5 27. Rd1 c6 28.
Qg3 Qf6 29. Re1 Bd4 30. Nxd4 exd4 31. Rxe8+ Rxe8 32. Qg4 c5 33. Bb3 Rd8 34. Bc1
Kh8 35. Bg5 Qd6 36. Bxd8 Qxd8 37. Qe4 Nf6 38. Qe5 d3 39. g4 c4 40. Bd1 c3 41.
g5 c2 42. Bxc2 dxc2 43. Qc5 Qd1+ 44. Kg2 c1=Q 45. Qf8+ Ng8 46. f6 Qd5+ 47. f3
Qcd2+ 48. Kg3 Qe5+ 49. f4 Qdxf4+ 50. Kg2 Qb2+ 0-1

[Event "FICS rated blitz game"]
[Site "FICS freechess.org"]
[Date "2018.01.09"]
[Round "?"]
[White "sunrhades"]
[Black "nippur"]
[Result "1-0"]
[WhiteElo "1712"]
[BlackElo "1755"]
[PlyCount "85"]
[EventDate "2018.??.??"]
[EventType "blitz"]

1. e4 e5 2. Nf3 Nc6 3. c3 Bc5 4. d4 exd4 5. cxd4 Bb6 6. Nc3 d6 7. Bc4 Bg4 8.
Bxf7+ Kxf7 9. Ng5+ Qxg5 10. Bxg5 Bxd1 11. Rxd1 Nxd4 12. O-O Ne6 13. Bh4 Nf6 14.
h3 Rhe8 15. Rfe1 Nd7 16. Nd5 h6 17. b4 g5 18. Bg3 Nf6 19. a4 a5 20. Nxb6 cxb6
21. bxa5 Rxa5 22. Rxd6 Rxa4 23. Rxb6 Rxe4 24. Rxb7+ Kg6 25. Ra1 Nf4 26. Kh2
N6h5 27. Ra6+ R8e6 28. Raa7 Nxg3 29. Rg7+ Kf6 30. Raf7+ Ke5 31. fxg3 Nh5 32.
Rh7 Re3 33. g4 Nf4 34. Ra7 Ng6 35. Rhf7 Nf4 36. Ra5+ Nd5 37. Rf5+ Ke4 38. Raxd5
Re2 39. Ra5 Ke3 40. Rf3+ Kd2 41. Ra2+ Kd1 42. Rd3+ Ke1 43. Kg1 1-0

[Event "FICS rated blitz game"]
[Site "FICS freechess.org"]
[Date "2018.01.09"]
[Round "?"]
[White "awitaliy"]
[Black "Zilvio"]
[Result "0-1"]
[WhiteElo "1376"]
[BlackElo "1456"]
[PlyCount "62"]
[EventDate "2018.??.??"]
[EventType "blitz"]

1. e4 e5 2. Nf3 Nc6 3. c3 Nf6 4. Bd3 Be7 5. Bc2 O-O 6. O-O d5 7. exd5 Nxd5 8.
h3 Be6 9. d4 exd4 10. cxd4 Bf6 11. Qd3 g6 12. a3 Bg7 13. Nbd2 Re8 14. Ne4 Bf5
15. Re1 Rxe4 16. Rxe4 Nf6 17. Qe2 Bxe4 18. Bxe4 Nxe4 19. Qxe4 Qd7 20. d5 Ne7
21. Bf4 Re8 22. Qb4 Nxd5 23. Qd2 Rd8 24. Rd1 c6 25. Bg3 Nf6 26. Qxd7 Rxd7 27.
Rxd7 Nxd7 28. b4 Nb6 29. Bc7 Nc4 30. a4 a6 31. Kh2 Bc3 {White resigns} 0-1

[Event "FICS rated blitz game"]
[Site "FICS freechess.org"]
[Date "2018.01.09"]
[Round "?"]
[White "Toni"]
[Black "lakicevic"]
[Result "1-0"]
[WhiteElo "1611"]
[BlackElo "1438"]
[PlyCount "53"]
[EventDate "2018.??.??"]
[EventType "blitz"]

1. e4 e5 2. Nf3 Nc6 3. c3 Nf6 4. d4 exd4 5. e5 Ne4 6. Qe2 d5 7. exd6 Qxd6 8.
Qxe4+ Be6 9. Bb5 O-O-O 10. Bxc6 bxc6 11. O-O f5 12. Qxd4 Bd5 13. Nbd2 Qg6 14.
Qxa7 Bd6 15. c4 Be4 16. Nxe4 fxe4 17. Qa6+ Kd7 18. Nd4 Bc5 19. Qxc6+ Qxc6 20.
Nxc6 Kxc6 21. Be3 Bxe3 22. fxe3 Rd2 23. b4 Rc2 24. Rfc1 Re2 25. a4 Rxe3 26. a5
Ra3 27. Rxa3 {Black resigns} 1-0

[Event "FICS rated blitz game"]
[Site "FICS freechess.org"]
[Date "2018.01.09"]
[Round "?"]
[White "Xamianc"]
[Black "keengkong"]
[Result "0-1"]
[WhiteElo "1479"]
[BlackElo "1400"]
[PlyCount "30"]
[EventDate "2018.??.??"]
[EventType "blitz"]

1. e4 e5 2. Nf3 Nc6 3. c3 Nf6 4. Bd3 Bc5 5. Bc2 d6 6. d4 exd4 7. cxd4 Bb6 8.
O-O O-O 9. Re1 Bg4 10. d5 Ne5 11. Nbd2 c6 12. Qe2 cxd5 13. exd5 Nxd5 14. Qe4
Nf6 15. Qd3 Nxd3 {White resigns} 0-1

[Event "FICS rated standard game"]
[Site "FICS freechess.org"]
[Date "2018.01.09"]
[Round "?"]
[White "isavich"]
[Black "UnKo"]
[Result "1-0"]
[WhiteElo "1501"]
[BlackElo "1499"]
[PlyCount "98"]
[EventDate "2018.??.??"]

1. e4 e5 2. Nf3 Nc6 3. c3 Nf6 4. d3 Bc5 5. Bg5 O-O 6. Nbd2 Be7 7. Nc4 Ng4 8.
Bxe7 Nxe7 9. h3 Nf6 10. Ncxe5 d6 11. Nc4 Be6 12. Ne3 d5 13. e5 Ne8 14. d4 c6
15. Bd3 g6 16. Nh4 a5 17. O-O Ng7 18. Ng4 Nef5 19. Bxf5 Nxf5 20. Nh6+ Nxh6 21.
Qf3 Qxh4 22. g4 Bxg4 23. hxg4 Nxg4 24. Qg3 Qg5 25. Rfe1 h5 26. Kf1 Qd2 27. Re2
Qg5 28. f3 Ne3+ 29. Kf2 Qh6 30. Rxe3 h4 31. Qh2 Qg5 32. Rg1 Qh6 33. Rg4 h3 34.
Rg3 Kg7 35. Rxh3 Rh8 36. Rxh6 Rxh6 37. Qg2 Rah8 38. Kg3 Rh3+ 39. Qxh3 Rxh3+ 40.
Kxh3 g5 41. Kg4 Kg6 42. f4 f5+ 43. Kf3 g4+ 44. Kg3 Kf7 45. Re1 Ke6 46. Rh1 b5
47. Rh6+ Kf7 48. Rxc6 b4 49. cxb4 axb4 {Black resigns} 1-0

[Event "FICS rated blitz game"]
[Site "FICS freechess.org"]
[Date "2018.01.08"]
[Round "?"]
[White "Flyinghooves"]
[Black "ganyan"]
[Result "0-1"]
[WhiteElo "1146"]
[BlackElo "1264"]
[PlyCount "72"]
[EventDate "2018.??.??"]
[EventType "blitz"]

1. e4 e5 2. Nf3 Nc6 3. c3 Bc5 4. Bc4 h6 5. Qb3 Qe7 6. d4 Bb6 7. dxe5 Na5 8. Qa4
Nxc4 9. Qxc4 f6 10. O-O fxe5 11. Re1 d6 12. Na3 Be6 13. Qa4+ Bd7 14. Nb5 a6 15.
c4 Nf6 16. Qa3 O-O 17. Be3 axb5 18. Qb3 bxc4 19. Qxc4+ Be6 20. Qb4 Bg4 21. Nh4
Bxe3 22. Rxe3 b6 23. Qc4+ Kh7 24. Nf5 Bxf5 25. exf5 c5 26. g4 Qf7 27. Qc2 Rxa2
28. Rxa2 Qxa2 29. Ra3 Qd5 30. Rh3 Kg8 31. Rd3 Qe4 32. Qb3+ Kh8 33. Rxd6 Qxg4+
34. Kf1 Ne4 35. Rg6 Qxg6 36. fxg6 Nd2+ {White resigns} 0-1

[Event "FICS rated lightning game"]
[Site "FICS freechess.org"]
[Date "2018.01.08"]
[Round "?"]
[White "kungzeb"]
[Black "rossoscuro"]
[Result "1-0"]
[WhiteElo "1829"]
[BlackElo "1969"]
[PlyCount "95"]
[EventDate "2018.??.??"]

1. e4 e5 2. Nf3 Nc6 3. c3 Nf6 4. d4 exd4 5. e5 Qe7 6. cxd4 Nd5 7. Bc4 Nb6 8.
Bb3 d6 9. Bg5 f6 10. Bh4 g5 11. Bg3 dxe5 12. dxe5 Nxe5 13. Nxe5 fxe5 14. Qh5+
Kd8 15. O-O Bd7 16. Rd1 Bg7 17. Qg4 c6 18. Nc3 Kc7 19. Qe4 Rad8 20. Re1 Rde8
21. Rad1 Bc8 22. a4 Kb8 23. a5 Nd7 24. a6 Nc5 25. Qc4 b5 26. Qb4 Ne6 27. Qxe7
Rxe7 28. Bxe5+ Bxe5 29. Rxe5 Rhe8 30. Rde1 Bd7 31. Bxe6 Bxe6 32. Rxe6 Rxe6 33.
Rxe6 Rxe6 34. g3 Re1+ 35. Kg2 Rc1 36. h4 Rc2 37. Ne4 Rxb2 38. Nxg5 Kc7 39. Nxh7
Kb6 40. Nf6 Kxa6 41. Ne4 c5 42. h5 c4 43. h6 Rb1 44. h7 Rd1 45. h8=Q Rd7 46.
Qf6+ Ka5 47. Qa1+ Kb6 48. Nc3 1-0

[Event "FICS rated blitz game"]
[Site "FICS freechess.org"]
[Date "2018.01.08"]
[Round "?"]
[White "bukowskic"]
[Black "VOleg"]
[Result "0-1"]
[WhiteElo "1612"]
[BlackElo "1857"]
[PlyCount "90"]
[EventDate "2018.??.??"]
[EventType "blitz"]

1. e4 e5 2. Nf3 Nc6 3. c3 Be7 4. Bb5 d6 5. Bxc6+ bxc6 6. d4 exd4 7. cxd4 Ba6 8.
Qc2 Qd7 9. Nc3 h5 10. h3 Nh6 11. Bxh6 Rxh6 12. O-O-O Rg6 13. g3 Rb8 14. e5 Kf8
15. Nh4 Bxh4 16. gxh4 Rg2 17. Rdg1 Rxg1+ 18. Rxg1 Qxh3 19. Qh7 Re8 20. Qxg7+
Ke7 21. exd6+ cxd6 22. Qg5+ Kd7 23. Qa5 Bb7 24. Qxa7 Kc7 25. Na4 Qxh4 26. Qb6+
Kb8 27. Rd1 Qxf2 28. d5 Qxb6 29. Nxb6 cxd5 30. Nxd5 Bxd5 31. Rxd5 Rh8 32. Rxd6
h4 33. Rd2 h3 34. Rh2 Kc7 35. a3 Kd6 36. b4 Ke5 37. Kb2 Kf4 38. a4 Kg3 39. Rh1
Kg2 40. Rxh3 Rxh3 41. b5 f5 42. a5 f4 43. b6 Rh5 44. a6 Rb5+ 45. Ka3 Rxb6 0-1

[Event "FICS rated blitz game"]
[Site "FICS freechess.org"]
[Date "2018.01.08"]
[Round "?"]
[White "Balamadi"]
[Black "psilber"]
[Result "1-0"]
[WhiteElo "1967"]
[BlackElo "2196"]
[PlyCount "75"]
[EventDate "2018.??.??"]
[EventType "blitz"]

1. e4 e5 2. Nf3 Nc6 3. c3 Be7 4. d4 exd4 5. cxd4 d6 6. h3 Nf6 7. Nc3 O-O 8. Bd3
Nb4 9. Bb1 c5 10. d5 b6 11. a3 Na6 12. O-O Nc7 13. b4 cxb4 14. axb4 a5 15. b5
Bd7 16. Qd3 Rc8 17. Bg5 Nfxd5 18. exd5 g6 19. Ne4 Bf5 20. Bxe7 Qxe7 21. Re1
Rfe8 22. Nfd2 Qe5 23. Ba2 Qb2 24. Reb1 Qe5 25. f3 Qf4 26. Re1 Kf8 27. Nc4 Nxb5
28. Nxb6 Rc5 29. Qb3 Bxe4 30. fxe4 Rxe4 31. Nd7+ Kg8 32. Nxc5 Rxe1+ 33. Rxe1
dxc5 34. Qxb5 Qd2 35. Qe8+ Kg7 36. Bc4 Qd4+ 37. Kh1 Qxc4 38. d6 {Black resigns}
1-0

[Event "FICS rated blitz game"]
[Site "FICS freechess.org"]
[Date "2018.01.08"]
[Round "?"]
[White "SorryYouLose"]
[Black "daIlAi"]
[Result "0-1"]
[WhiteElo "1356"]
[BlackElo "1333"]
[PlyCount "102"]
[EventDate "2018.??.??"]
[EventType "blitz"]

1. e4 e5 2. Nf3 Nc6 3. c3 Nf6 4. Qc2 d6 5. Bc4 Be7 6. Bxf7+ Kxf7 7. Qb3+ Kf8 8.
d3 h6 9. O-O a6 10. Ne1 Qd7 11. f4 Qe6 12. Qc2 Kf7 13. f5 Qd7 14. Qb3+ Kf8 15.
Nf3 Na5 16. Qc2 Kf7 17. Nh4 Re8 18. Ng6 Kg8 19. b4 Nc6 20. Nd2 b5 21. Nf3 Bb7
22. Bd2 Nd8 23. Rae1 Nf7 24. Qc1 Kh7 25. h3 c6 26. Nh2 d5 27. Rd1 Bd6 28. Ng4
Nxg4 29. hxg4 dxe4 30. dxe4 Qc7 31. g5 c5 32. Rfe1 cxb4 33. cxb4 Qxc1 34. Rxc1
Nxg5 35. Bxg5 hxg5 36. a3 Rac8 37. Kf2 Rxc1 38. Rxc1 Rc8 39. Rh1+ Kg8 40. Rh8+
Kf7 41. Rxc8 Bxc8 42. g4 Bb7 43. Ke3 Kg8 44. Kd3 Bc7 45. Ne7+ Kf7 46. Nd5 Bxd5
47. exd5 Ke7 48. Ke4 Kd6 49. f6 gxf6 50. Kf5 Bd8 51. Ke4 Be7 0-1

[Event "FICS rated blitz game"]
[Site "FICS freechess.org"]
[Date "2018.01.08"]
[Round "?"]
[White "Feestt"]
[Black "zadox"]
[Result "0-1"]
[WhiteElo "1155"]
[BlackElo "1229"]
[PlyCount "82"]
[EventDate "2018.??.??"]
[EventType "blitz"]

1. e4 e5 2. Nf3 Nc6 3. c3 a6 4. d4 exd4 5. cxd4 Bb4+ 6. Nc3 Bxc3+ 7. bxc3 d6 8.
Bd3 h6 9. Be3 Nf6 10. Qd2 Bg4 11. Be2 Nxe4 12. Qc1 O-O 13. O-O Bxf3 14. Bxf3
Nf6 15. h4 d5 16. g4 Nxg4 17. Bxg4 Qxh4 18. f3 Qg3+ 19. Kh1 h5 20. Bf2 Qd6 21.
Bxh5 Qf6 22. Rg1 g6 23. Qg5 Qe6 24. Bg4 Qe2 25. Qe3 Qc2 26. Bg3 Rfe8 27. Qc1
Qd3 28. Rd1 Qc4 29. Re1 Kg7 30. Rxe8 Rxe8 31. Bd7 Rh8+ 32. Kg1 Qe2 33. Qf1 Qe3+
34. Kg2 Ne7 35. Be5+ f6 36. Bf4 Qxf4 37. Qg1 Nf5 38. Bxf5 gxf5 39. Re1 Kf7 40.
Kf1 Qxf3+ 41. Qf2 Rh1# {White checkmated} 0-1

[Event "FICS rated blitz game"]
[Site "FICS freechess.org"]
[Date "2018.01.08"]
[Round "?"]
[White "ashups"]
[Black "ycq"]
[Result "1-0"]
[WhiteElo "1240"]
[BlackElo "1264"]
[PlyCount "47"]
[EventDate "2018.??.??"]
[EventType "blitz"]

1. e4 e5 2. Nf3 Nc6 3. c3 d6 4. Bc4 Be7 5. d4 Bg4 6. Bxf7+ Kxf7 7. Qb3+ Kf8 8.
Qxb7 Bd7 9. dxe5 Nxe5 10. Nxe5 dxe5 11. O-O Nf6 12. Bg5 Kf7 13. f4 Nxe4 14.
fxe5+ Ke8 15. Bxe7 Kxe7 16. Qxe4 Rf8 17. Nd2 Rb8 18. Qxh7 Rxf1+ 19. Rxf1 Qg8
20. Qg6 Kd8 21. Ne4 Kc8 22. Nc5 Rxb2 23. e6 Bxe6 24. Nxe6 {Black resigns} 1-0

[Event "FICS rated blitz game"]
[Site "FICS freechess.org"]
[Date "2018.01.08"]
[Round "?"]
[White "Sincerias"]
[Black "bapirajnibbsr"]
[Result "1-0"]
[WhiteElo "1263"]
[BlackElo "1144"]
[PlyCount "59"]
[EventDate "2018.??.??"]
[EventType "blitz"]

1. e4 e5 2. Nf3 Nc6 3. c3 Nf6 4. Bd3 Bc5 5. O-O O-O 6. Bc4 a6 7. d4 exd4 8.
cxd4 Ba7 9. e5 Ne8 10. Be3 d5 11. exd6 Nxd6 12. Bb3 Bg4 13. Nc3 Nf5 14. Bc2
Nfxd4 15. Bxh7+ Kxh7 16. Ng5+ Kg8 17. Qxg4 Ne6 18. Rad1 Qf6 19. Qh5 Nxg5 20.
Bxg5 Qg6 21. Qh4 f6 22. Bf4 Bb6 23. Nd5 Rac8 24. Bg3 Rfe8 25. Qc4 Qf7 26. Bh4
Ne5 27. Qb3 Ng6 28. Bxf6 gxf6 29. Nxf6+ Kg7 30. Nxe8+ 1-0